000 00995cam a2200313 a 4500
001 2104542
003 SISC
005 20160307132322.0
008 960116s1996 nyua 000 0aeng
010 _a 96000879
020 _a0786861363
040 _aDLC
_cDLC
_dDLC
043 _an-us---
050 0 0 _aPN 2287
_b.B89A3 1940
082 0 0 _aHS 791.45
_bB97 1996
100 1 _aButler, Brett,
_d1958-
_914737
245 1 0 _aKnee deep in paradise /
_cBrett Butler.
250 _a1st ed.
260 _aNew York :
_bHyperion,
_cc1940.
300 _a295 p. :
_bill. ;
_c25 cm.
526 _c
600 1 0 _aButler, Brett,
_d1958-
_914738
650 0 _aTelevision actors and actresses
_zUnited States
_xBiography.
_914739
650 0 _aComedians
_zUnited States
_xBiography.
_914740
906 _a7
_bcbc
_corignew
_d1
_eocip
_f19
_gy-gencatlg
942 _2lcc
_cBK
999 _c9701
_d9701